01190na a2200313 450000100060000000300080000600500170001400800410003102000150007203500100008704000250009708200160012209000200013810000200015824501450017824600860032326000430040930000380045249000280049049000360051850400190055465000410057365000500061465100350066465100470069994200130074695201020075999900150086113450MIRAKIL20181213154914.0161009b tu 000 0  a9755200053 a13450 aMilasbturcTR-AnCHP a306.2bA44s a306.2 A44s 1989 aAlkan, Türker aSiyasal bilinç ve toplumsal değişimbsiyasal bilincin gelişmesinde ailenin, okulun ve toplumsal sınıfların etkisicTürker Alkan aSiyasal bilincin gelişmesinde ailenin, okulun ve toplumsal sınıfların etkisi aAnkarabGündoğan Yayınlarıc1989 axviii, 380 s.btbl., grf.c21 sm. aSosyoloji dizisiv02.03 aGündoğan yayınlarıv89.13 aKaynakça var aSiyasal bilinçxGelişim süreci aSiyaset (sosyoloji)zSiyasal toplumsallaşma aTürkiyexToplumsal gelişme aTürkiyexEğitimyYurttaşlık bilgisi 2ddccBKS a0001b0001d2016-08-14e2l0o306.2 A44s 1989p000787r2016-08-14 00:00:00v0.00w2016-08-14yBKS c2925d2925